| Tag |
First Indicator |
Second Indicator |
Subfields |
| LEADER |
00000cam a2200000 4500 |
| 001 |
in00000024599 |
| 005 |
20151007062423.0 |
| 008 |
750617s1949 pau 00000 eng u |
| 010 |
|
|
|a 49009973
|
| 035 |
|
|
|a (OCoLC)01397132
|
| 035 |
|
|
|9 AAD4837AM
|
| 040 |
|
|
|c ORL
|d TXA
|d UtOrBLW
|
| 049 |
|
|
|a TXAM
|c [169936]
|
| 050 |
0 |
0 |
|a PS3539.A136
|b E8
|
| 082 |
0 |
|
|a 818.5
|
| 092 |
|
|
|a 818
|b T113e
|
| 100 |
1 |
|
|a Taber, Gladys Bagg,
|d 1899-1980.
|
| 245 |
1 |
0 |
|a Especially father.
|
| 264 |
|
1 |
|a Philadelphia :
|b Macrae-Smith-Co,
|c [1949]
|
| 264 |
|
4 |
|c [©1949]
|
| 300 |
|
|
|a 253 pages ;
|c 22 cm.
|
| 336 |
|
|
|a text
|b txt
|2 rdacontent
|
| 337 |
|
|
|a unmediated
|b n
|2 rdamedia
|
| 338 |
|
|
|a volume
|b nc
|2 rdacarrier
|
| 999 |
|
|
|a MARS
|
| 999 |
f |
f |
|s eb2a64b7-3305-3d9a-a4ee-60a829c259a2
|i 73cce69f-5dfb-3f1c-9c8c-080602788629
|t 0
|
| 952 |
f |
f |
|p ric
|a Texas A&M University
|b Rellis Campus
|c Joint Library Facility
|d Remote Storage
|t 0
|e PS3539.A136 E8
|h Library of Congress classification
|i unmediated -- volume
|m A14801265503
|
| 998 |
f |
f |
|a PS3539.A136 E8
|t 0
|l Remote Storage
|